000 01078cam a22002415a 4500
001 L159822
008 180301s2018 xxk f 000 0 eng d
020 _a9781315382173
035 _a(Sirsi) u159822
041 0 _aeng
100 1 _aHenderson, John
245 0 0 _aFacilities manager's guide to safety and security
_h[electronic resource]
260 _aLondon
_bTaylor and Francis
_c2018
520 _aHighlights key health and safety and security issues. Includes access control, fire satety, incident response, contracting and sub-contracting work anf servis, inclusiveness and accessibiity, building maintenance, parking, drawing up health and safety procedures and policies. Concludes with a review of occupational health and business continuity planning.
590 _aKA
650 2 4 _aFACILITIES MANAGERS
650 2 4 _aEBOOK
651 4 _aUnited Kingdom
_y
690 _aFacilities management
_96240
690 _aHealth and safety
_96244
856 4 0 _uhttps://www.vlebooks.com/
_zView on VLEbooks. Logins for members only from [email protected]
942 _n0
999 _c116126
_d116126